LEADER 01075nam a2200277 i 4500 001 000000136799 003 CaOOAMICUS 005 20050401000000.0 008 050401s1997 it u000 u ita u 013 $a110518 020 $a88-04-42274-2 040 $aSeMil$bita 100 1 $aDesiato, Luca.$0(OLS)http://semarc/name/31182 245 10$aGiuliano l'apostata :$bromanzo /$cLuca Desiato. 260 $aMilano :$bMondadori,$c1997. 300 $a427 p. ;$c23 cm. 490 0 $aScrittori italiani 500 $aIn mezzo al front. : Dedica autografa dell'Autore al Card. C.M. Martini. - Fondo Card. C.M. Martini. 830 0$aScrittori italiani.$0(OLS)http://semarc/title/6775 850 $aSeMil 852 $aSeMil$W1$xVenegono$y1$m1O VI 60$j90384$B90384$CSeMilBibl$Z2$F95237 $81 941 1 $a4 961 $aOmaggio: Martini Card. Carlo Maria 996 $6020$a88-04-42274-2$9(OLS)http://semarc/number/124385 996 $6245$aGiuliano l'apostata :$bromanzo$9(OLS)http://semarc/title/199888 996 $6260$aMilano :$bMondadori$9(OLS)http://semarc/publisher/30335 LEADER 00940nam a2200229 i 4500 001 000000245461 003 CaOOAMICUS 005 20151007000000.0 008 151007s1855 it u000 u fre u 013 $a224366 040 $aSeMil$bita 100 1 $aMirecourt, Eugène : de.$0(OLS)http://semarc/name/82535 245 12$aL'abbé de Lammennais /$cpar Eugène de Mirecourt. 260 $aParis :$bGustave Havard,$c1855. 300 $a96 p., [2] c. di tav., di cui 1 ripieg. :$britr., ill. ;$c14 cm. 490 0 $aLes contemporaines 650 4$aLa Mennais, Felicité-Robert : de.$0(OLS)http://semarc/subject/42605 830 4$aLes contemporaines.$0(OLS)http://semarc/title/44151 850 $aSeMil 852 $aSeMil$W1$xVenegono$y1$m3G I 81 FA$j195807$B195807$CSeMilBibl$Z2$F206506 $8I 996 $6245$aL'abbé de Lammennais$9(OLS)http://semarc/title/347124 996 $6260$aParis :$bGustave Havard$9(OLS)http://semarc/publisher/39360